Online Catalogue and eLibrary

Writing the Social: (Record no. 2641)

MARC details
000 -LEADER
fixed length control field 00543nam a2200193Ia 4500
005 - DATE AND TIME OF LATEST TRANSACTION
control field 20250312035002.0
008 - FIXED-LENGTH DATA ELEMENTS--GENERAL INFORMATION
fixed length control field 240331s9999 xx 000 0 und d
020 ## - INTERNATIONAL STANDARD BOOK NUMBER
ISBN 0802081355
082 ## - DDC Classification
Item Number - Author Mark SMI
DDC Edition Number 4428
Class No. 301.01
100 ## - MAIN ENTRY--PERSONAL NAME
Personal name Smith, D.E
245 #0 - TITLE STATEMENT
Title Writing the Social:
Remainder of title Critique, Theory, and Investigations
260 ## - PUBLICATION, DISTRIBUTION, ETC.
Place of publication, distribution, etc. Toronto;
-- Buffalo;
-- London,
Name of publisher, distributor, etc. University of Toronto Press Incorporated
Date of publication, distribution, etc. 1999
300 ## - PHYSICAL DESCRIPTION
Extent (e.g. Volumes, Pages etc.) 307 p.,
650 ## - SUBJECT ADDED ENTRY--TOPICAL TERM
Topical term or geographic name entry element Feminism
650 ## - SUBJECT ADDED ENTRY--TOPICAL TERM
Topical term or geographic name entry element Postmodernism
650 ## - SUBJECT ADDED ENTRY--TOPICAL TERM
Topical term or geographic name entry element Social Science
650 ## - SUBJECT ADDED ENTRY--TOPICAL TERM
Topical term or geographic name entry element Political
942 ## - Koha item type (Biblio)
Koha item type Books in Stacks (Lending)
Holdings
Lost status Damaged status Collection code Home library Current library Shelving location Date acquired Full call number Accession Number Item type
    Lending WERC Library WERC Library Social Science Cupboard 03/31/2024 301.01 SMI 4428 Books in Stacks (Lending)

© WERC Library